|
|
|
|
| LEADER |
00000nam a22000007a 4500 |
| 005 |
20220204234828.0 |
| 007 |
cr|||| |||| |
| 008 |
220204s2009 co |||||s|||| 00||0 spa d |
| 020 |
|
|
|a 978-958-648-678-1
|
| 035 |
|
|
|a 35777
|
| 040 |
|
|
|a vLex
|
| 090 |
|
|
|c 12915
|d 12915
|
| 100 |
1 |
|
|a Zapata Domn̕guez, ℓlvaro
|
| 245 |
1 |
0 |
|a Teora̕s contemporǹeas de la organizacin̤ y del management
|h [Recurso electrn̤ico] /
|c ℓlvaro Zapata Domn̕guez
|
| 256 |
|
|
|a Servicio en ln̕ea
|
| 260 |
|
|
|a Bogot:̀
|b ECOE,
|c 2009
|
| 300 |
|
|
|a 1 recurso electrn̤ico
|
| 500 |
|
|
|a Como una continuacin̤ del primer libro sobre las teora̕s cls̀icas, contiene las teora̕s, que de acuerdo con el anl̀isis de los autores corresponde a las teora̕s contemporǹeas de la organizacin̤ y el management. Los autores buscan establecer el estado actual de conocimiento y aplicacin̤ de las teora̕s y la gestin̤ en las empresas productoras de bienes y servicios en Colombia.
|
| 506 |
1 |
|
|a Disponible solo en los productos indicados
|d vLex Global
|d vLex Global (Academic Edition, excluding Law Schools)
|d vLex Global (U.S. Academic Edition, Law Schools)
|d vLex Global (U.S. Academic Edition, excluding Law Schools)
|d vLex Global (Academic Edition, Law Schools)
|
| 650 |
0 |
4 |
|a Actividad Administrativa
|z Colombia
|
| 650 |
0 |
4 |
|a Administracin̤ (Management)
|z Colombia
|
| 740 |
0 |
|
|a vLex Libros (Servicio en ln̕ea)
|
| 856 |
4 |
0 |
|u https://app.vlex.com/#/sources/35777
|z Acceso restringido
|
| 942 |
|
|
|c BOOK
|
| 999 |
0 |
|
|a Administrative Activity
|
| 999 |
0 |
|
|a Administration (Management)
|